Principles of semiotic /

Bibliographic Details
Main Author: Clarke, D. S. (David S.), 1936-
Format: Book
Language:English
Published: London ; New York : Routledge & Kegan Paul, 1987.
Subjects:

MARC

Tag First Indicator Second Indicator Subfields
LEADER 00000cam a2200000 a 4500
001 in00000011627
005 20151007051649.0
008 860819s1987 enk b 00110 eng
010 |a  86021945  
020 |a 0710209819 :  |c $24.95 
020 |a 0710211368 (pbk.) :  |c $15.95 
035 |a (OCoLC)14188817 
035 |9 AAA4170AM 
040 |a DLC  |c DLC  |d TXA  |d UtOrBLW 
049 |a TXAM  |c [A11039988] 
050 0 0 |a P99  |b .C54 1987 
082 0 |a 401.41  |2 19 
100 1 |a Clarke, D. S.  |q (David S.),  |d 1936- 
245 1 0 |a Principles of semiotic /  |c D.S. Clarke. 
264 1 |a London ;  |a New York :  |b Routledge & Kegan Paul,  |c 1987. 
300 |a x, 164 pages ;  |c 22 cm. 
336 |a text  |b txt  |2 rdacontent 
337 |a unmediated  |b n  |2 rdamedia 
338 |a volume  |b nc  |2 rdacarrier 
504 |a Bibliography: pages 139-158. 
500 |a Includes indexes. 
650 0 |a Semiotics. 
999 |a MARS 
999 f f |s 53b69cef-ff25-3b3b-b4cf-073690ec2aba  |i c0e7946c-ba6f-378d-8652-602143fdaa8f  |t 0 
952 f f |p ric  |a Texas A&M University  |b Rellis Campus  |c Joint Library Facility  |s JLF  |d Remote Storage  |t 0  |e P99 .C54 1987  |h Library of Congress classification  |i unmediated -- volume  |m A14811039988 
998 f f |a P99 .C54 1987  |t 0  |l Remote Storage